| 000 | 01767nam0a22005411 4500 | ||
|---|---|---|---|
| 001 | RU\NLR\A1SV\18022 | ||
| 005 | 20251203171251.9 | ||
| 035 | _a(NLR Aleph) 009703085 | ||
| 090 |
_a9795870 _c9795870 |
||
| 100 | _a19991227d1922 u y0rusy50 ca | ||
| 101 | 1 |
_arus _cger |
|
| 102 | _aRU | ||
| 200 | 1 |
_aЧеловек из зеркала _e[Роман] _fФранц Верфель. Franz Werfel _gПер. В.А.Зоргенфрея _gПредисл. А.Гвоздева |
|
| 210 |
_aПб. _aМ. _cГос. изд-во _d1922 |
||
| 215 |
_a224, [1] с. _d18 см |
||
| 225 |
_aВсемир. лит. _iНовости иностр. лит. |
||
| 300 | _aНа тит. л. дата: MCMXXII | ||
| 620 | _dСанкт-Петербург | ||
| 620 | _dМосква | ||
| 700 | 1 |
_6z01790 _aВерфель _bФ. _f1890-1945 _gФранц _4070 |
|
| 702 | 1 |
_4070 _7ca _8rus _aЗоргенфрей _bВ. А. _f1882-1938 _gВильгельм Александрович _9266974 _3RU\NLR\AUTH\770267030 |
|
| 702 | 1 |
_aГвоздев _bА.А. _f1887-1939 _gАлексей Александрович _4070 |
|
| 790 | 1 |
_6z01700 _aWerfel _bF. _gFranz _4070 |
|
| 801 | 0 |
_aRU _bNLR _c19991227 |
|
| 852 |
_aNLR _j37.39.6.77 |
||
| 852 |
_aNLR _jЛ60 В-1/10 |
||
| 899 | _aГПИБ | ||
| 899 | _aНБУВ | ||
| 899 | _aГБ РУз. | ||
| 899 | _aПТБ | ||
| 899 | _aБАН | ||
| 899 | _aLatNB | ||
| 899 | _aРКП | ||
| 899 | _aСПбГУ | ||
| 899 | _aРГБИ | ||
| 899 | _aНБЛ КГУ | ||
| 899 | _aВладОУНБ | ||
| 899 | _aРГБ | ||
| 899 | _aКирОУНБ | ||
| 899 | _aТОУНБ | ||
| 899 | _aИОНБ | ||
| 899 | _aСамОУНБ | ||
| 899 | _aПсковОУНБ | ||
| 899 | _aНБ РМолд. | ||
| 942 | _cBOOK | ||
| 980 | _aNB | ||
| 980 | _aA1SV | ||